000 00773nam a2200253Ia 4500
003 OSt
005 20221005082533.0
006 a|||||r|||| 00| 0
007 ta
008 221004b |||||||| |||| 00| 0 eng d
024 _a106654
037 _cTextual
040 _aCRL
_cCRL
_beng
041 _2eng
_aeng
082 _aX4252:N5, K5
110 _aNational Council of Applied Economic Research (New Delhi India)
_9299618
245 0 _aTechno Economic Survey Of Uttar Pradesh
260 _aNew Delhi
_bSree Saraswaty Press LTD India
_c1965
300 _axx;368p.
_ccm.
650 _aECONOMICS
700 _aNational Council of Applied Economic Research (New Delhi India)
_9299619
942 _hX4252:N5, K5
_cTEXL
_2cc
999 _c989453
_d989453